000 00627nam a2200193Ia 4500
008 151119s9999||||xx |||||||||||||| ||und||
082 _a181.4
082 _bGKKV12072
100 _aकोपर्डेकर शरदचंद्र
245 _aपातगजल योगदर्शन
260 _a--
260 _b--
260 _c1995
600 _aकोपर्डेकर शरदचंद्र
630 _aपातगजल योगदर्शन
700 _aकोपर्डेकर शरदचंद्र
730 _aपातगजल योगदर्शन
942 _cBOOK
999 _c1065969
_d1065966